| 000 | 00646nam a2200205Ii 4500 | ||
|---|---|---|---|
| 003 | JO-AjNU | ||
| 008 | 230606s9999||||xx |||||||||||||| ||und|| | ||
| 020 | _a0-13-270968-6 | ||
| 040 |
_aJO-AjNU _beng _erda _cJO-AjNU |
||
| 041 | _aeng | ||
| 050 | 1 | 4 | _aHF5625.7.K64 1998 |
| 100 | 3 |
_aKogan,Alexander/Sudit,Ephraim F/ Vasarhelyi,Miklos A, _eauthor _93431 |
|
| 245 | 0 | 4 | _aThe Internet Guide for Accountants |
| 264 | 3 | 1 | _aNew Jersey: Prentice Hall Upper Saddle River,1998 |
| 300 | _a252p | ||
| 336 |
_atext _btxt _2rdacontent |
||
| 337 |
_aunmediated _bn _2rdamedia |
||
| 338 |
_avolume _bnc _2rdacarrier |
||
| 650 | 4 |
_aAccountants-Internet _93432 |
|
| 999 |
_aE1791 _c1791 _d1791 |
||